1542 1187 1354 1433 1808 1952 1922 1695 1415 1064 1056 1043 1474 1812 1232 1079 1922 1313 1724 1564 1887 1834 1120 1654 1956 1977 1812 1876 1317 1368 1052 1324 1714 1250 1383 1969 1329 1078 1331 1986 1450 1298 1982 1547 1862 1848 1363 1889 1809 1515 1953 1462 1286 1733 1272 1904 1681 1984 1376 1962 1445 1152 1981 1885 1180 1982 1883 1416 1984 1786 1867 1977 1891 1210 1490 1504 1981 1743 1698 1752 1027 1010 1175 1079 1575 1414 1554 1990 1351 1712 1372 1777 1873 1314 1147 1448 1799 1085 1886 BCNSPRNW ULIB Ver.6.0+V

เปลี่ยนเป็นภาษาไทย

Change to English
 แสดงรายละเอียดบรรณานุกรม
  กลับหน้าหลัก

Brief Record : Get Marc (ISO 2709) : E-mail record : QR code < ปิดหน้าต่าง
LEADER : 00000nam 2200000uu 4500
001    13399120668
003     ULIB
008    121002s2549||||th 000 0 tha d
020    ^a9749941551
050 04 ^aBF637.B4^bส272ท
100 0  ^aสมโภชน์ เอี่ยมสุภาษิต
245 10 ^aทฤษฎีและเทคนิคการปรับพฤติกรรม =^bTheories and techniques in behavior modification /^cสมโภชน์ เอี่ยมสุภาษิต
246 31 ^aTheories and techniques in behavior modification
250    ^aพิมพ์ครั้งที่ 5
260    ^aกรุงเทพฯ :^bสำนักพิมพ์แห่งจุฬาลงกรณ์มหาวิทยาลัย,^c2549
300    ^a447 หน้า :^bภาพประกอบ ;^c26 ซม.
650  7 ^aการปรับพฤติกรรม
650  7 ^aการเรียน (จิตวิทยา)
650  7 ^aจิตวิทยาประยุกต์
650  7 ^aพฤติกรรมมนุษย์
945    ^p270^l0^i24736
995    ^aวิภา
999 ^a ใช้งานได้ทุกระบบ
รายการนี้ยังไม่มีแท็ก
คุณยังไม่ได้ล็อกอิน คุณสามารถมีกิจกรรมร่วมกับเว็บไซต์ได้ แต่ต้องล็อกอินก่อน ::
  ล็อกอิน

รายการสื่อสารสนเทศ

ลำดับที่ ประเภท เลขเรียก/บาร์โค้ด สถานที่ สถานะ
1. วิทยาศาสตร์การแพทย์ และสุขภาพ
วิทยาศาสตร์การแพทย์ และสุขภาพ
BF637.B4 ส272ท  
  Barcode: 24736
ห้องสมุดวิทยาเขตสวรรค์ประชารักษ์
►หนังสือทั่วไป
บนชั้น

รายการใกล้เคียง
    ผู้แต่ง [สมโภชน์ เอี่ยมสุภาษิต]

    หัวเรื่อง [การปรับพฤติกรรม]
    หัวเรื่อง [การเรียน (จิตวิทยา)]
    หัวเรื่อง [จิตวิทยาประยุกต์]
    หัวเรื่อง [พฤติกรรมมนุษย์]

BibComment


ยังไม่เคยถูกคอมเมนท์

คอมเมนท์ทรัพยากรรายการนี้
  คอมเมนท์: ทฤษฎีและเทคนิคกา..


 Copyright 2026. Bcnsprnw @Library